Quizzes
Events
Quiz Creation
Community
Videos
Private Events
Remove Ads
Sign In
Join for FREE
Feedback
Dark Mode
Quiz Categories
Sports
Geography
Music
Movies
Television
Just For Fun
Miscellaneous
History
Literature
Language
Science
Gaming
Entertainment
Religion
Holiday
For Kids
Quiz Lab
Recent
Popular Today
Quiz Kudos Today
Editor Picks
Curator Picks
Quizzes by...
Day
Popularity
Type
Ratings
Length
Year
Community
Subscriptions
Recent Discussions
Orange Saloon
Badges
Playlists
Quests
Create
Leaderboards
Showdown
Live 5
Trivia Bingo
Activity
Puzzle Library
Sporcle Events
Private Events
Virtual Trivia
Globe League
Become a Host
Pub Owners
SporcleCon
Opinionation
Our Games
Videos
Blog
Mobile Apps
Partnerships
Remove Ads and Go Orange
Feedback
History
US Presidents
World Leaders
Politics
Nation
Discovery
War
Decade
Year
Century
Biography
Art
History
US Presidents
World Leaders
Politics
Nation
Discovery
War
Decade
Year
Century
Biography
Art
Random Quiz
Search Sporcle
×
Quiz Lab
Quiz Lab
History
State
Type in answers that appear in a list
Type in answers that appear in a list
Classic
Best Score? Go Orange.
60 Second Blitz: U.S. Presidents Stats
Can you name the Presidents of the United States in 60 seconds?!?
By
bayers
60s
44 Questions
2,988 Plays
2,988 Plays
2,988 Plays
Comments
Comments
Give Quiz Kudos
Give Quiz Kudos
-
- Ratings
hide this ad
Replay
Link that replays current quiz
Next Quiz
Link to next quiz in quiz playlist
You Got
0%
They Got
Avg Score
70%
Avg Friend Score
Upgrade to see
Score Distribution
Jump to the score distribution portion of the page
Score
0/44
Timer
01:00
0
Plays Today
#
President
% Correct
1
George Washington
96.3%
2
John Adams
93.8%
6
John Quincy Adams
93.7%
3
Thomas Jefferson
87.9%
43
George W. Bush
85.9%
41
George H.W. Bush
85.8%
17
Andrew Johnson
83%
36
Lyndon Johnson
82.9%
26
Theodore Roosevelt
82.7%
32
Franklin Roosevelt
82.7%
44
Barack Obama
82.3%
16
Abraham Lincoln
80.8%
4
James Madison
80.3%
5
James Monroe
79.7%
42
Bill Clinton
76.9%
35
John Kennedy
73.7%
40
Ronald Reagan
72.3%
7
Andrew Jackson
71.9%
9
William Henry Harrison
71.4%
23
Benjamin Harrison
71.3%
37
Richard Nixon
70.6%
39
Jimmy Carter
69.4%
#
President
% Correct
38
Gerald Ford
68.7%
11
James Polk
67.5%
10
John Tyler
66.6%
27
William Howard Taft
66.4%
18
Ulysses S. Grant
64.7%
8
Martin Van Buren
63.8%
12
Zachary Taylor
63.4%
31
Herbert Hoover
63.2%
22
Grover Cleveland
63%
24
Grover Cleveland
63%
34
Dwight Eisenhower
62%
33
Harry Truman
59.5%
30
Calvin Coolidge
59.3%
13
Millard Fillmore
58.9%
14
Franklin Pierce
58.7%
15
James Buchanan
56.2%
19
Rutherford Hayes
56.1%
28
Woodrow Wilson
56%
20
James Garfield
54.4%
25
William McKinley
53.8%
29
Warren Harding
52.5%
21
Chester Arthur
50%
Quiz Playlist
Details
Report
Send in Message
Add To Playlist
Classic:
Type in answers that appear in a list
Last Updated: Oct 3, 2018
Quiz Scoreboard
CHALLENGE
Sign Up to Join the Scoreboard
Show All
Scores
Hide
Comments
May contain spoilers
Recently Published
College Basketball Coaching Resumes
by pancakes188
Sports
9m
Billboard Blitz: Fleetwood Mac
by CooCooCachoo
Music
15s
Presidents Visiting Landmarks
by Hejman
History
7m
More to Explore
Quiz From the Vault
Featured Blog Post
Where Did the Easter Bunny Come From?
hide this ad
You Might Also Like...
Tags
Blitz Quiz
Numbers Quiz
State Quiz
United States Quiz
US Presidents Quiz
second
United
Today's Top Quizzes in History
Browse History
hide this ad
Today's Top Quizzes in State
Browse State
Top Contributed Quizzes in History
1
Popular People in 1991
2
Popular People in 1981
3
Popular People in 1951
4
Popular People in 1941
5
Popular People in 1986
6
Popular People in 1976
7
Popular People in 1921
8
5-to-1: 20th Century Images of War
9
I Am Born On March 28th
10
Popular People in 1946
Explore More
Trending Topics
Harry Potter
Marvel
Disney
Kpop
Crossword
NBA
Anime
Pokémon
The Office
Country
WWE
Puzzle
Song
NFL
Soccer
hide this ad
More By:
bayers
Quiz
Plays
Rating
Category
Featured
Created
60 Second Blitz: U.S. Presidents
2,988
3.88
History
May 24, 2010
MLB All-Time Stadiums
227
5.00
Sports
Apr 22, 2010
World Cup Champions
109
2.67
Sports
Apr 14, 2010
English beginning with 'un' through 'und'
42
Language
Aug 15, 2010
Go to Creator's Profile
Score Distribution
Quiz Creator Spotlight
bayers
Follow
Send a Message
Quizzes Created
-
Created Quiz Play Count
-
More By This Creator
Popular Quizzes Today
1
Find the US States - No Outlines Minefield
2
Find the Countries of Europe - No Outlines Minefield
3
The Countries of the World
4
Find the US States
5
Risky Map Clicking: Biggest States A-Z
6
US States
7
Popular People in 1961
8
Movies - When Are They Set?
More History Quizzes
Country Leaders: First Names
Curator's Pick
Trending Quizzes
Risky Map Clicking: Least Populous States A-Z
1-10 Letter G Words
1-10 Letter F Words
Risky Map Clicking: Next State Alphabetically
Risky Map Clicking: Biggest States A-Z
Recently Updated
Leaping Animals
pecheneg
Reality TV Shows (A-Z)
bhenderson79
Rickey Henderson's Hall of Fame Teammates
pecheneg
Champions League XIs: Arsenal
pecheneg
Quick Pick: Celebrities in WWE's Hall of Fame
aduchscher
A-Z Keypad Blitz II
pecheneg
Multiple Oscar Actors
pecheneg
Mystery Phrase Blitz: Oscar 'Best Actors'
pecheneg
F. Scott Fitzgerald Novels
LTH
Pick 3 Villains
ddd62291
Trending Topics
Anime
Harry Potter
Crossword
NBA
Disney
Marvel
Kpop
The Office
WWE
Song
Puzzle
Pokémon
NFL
Soccer
Country
Your Account Isn't Verified!
In order to create a playlist on Sporcle, you need to verify the email address you used during registration. Go to your
Sporcle Settings
to finish the process.
Report this User
Report this user for behavior that violates our
Community Guidelines
.
Details:
Send Report
Go to the Sporcle.com Mobile Site →
Comments